Movie Alphabet Y - Statistics

General Stats
  • This quiz has been taken 35 times
  • The average score is 6 of 12
Answer Stats
Picture Answer % Correct
Yogi Bear
92%
You've Got Mail
77%
Yellow Submarine
69%
Yes Man
58%
Young Frankenstein
58%
You Only Live Twice
58%
Yentl
54%
Young Sherlock Holmes
42%
Yankee Doodle Dandy
27%
You're A Good, Man Charlie Brown
27%
You Only Live Until You Die
15%
You're Next
15%
No matching quizzes found
Score Distribution
Percent of People with Each Score
Percentile by Number Answered
Your Score History
You have not taken this quiz